[Event "SM-2021-0-00446"]
[Site "LSS email"]
[Date "2021.06.12"]
[Round "?"]
[White "Usmanoff, Rustam"]
[Black "Moessle, Harald"]
[Result "0-1"]
[WhiteElo "2202"]
[BlackElo "2339"]
[PlyCount "35"]
[EventDate "2021.03.25"]
[EventType "tourn (corr)"]
[EventRounds "6"]
[EventCountry "GER"]
[SourceTitle "Corr 2024"]
[Source "ChessBase"]
[SourceDate "2023.10.19"]
[SourceVersion "1"]
[SourceVersionDate "2023.10.19"]
[SourceQuality "1"]

1. e4 e5 2. Nf3 Nf6 3. Nxe5 d6 4. Nf3 Nxe4 5. d4 d5 6. Bd3 Bd6 7. 0-0 0-0 8. c4 c6 9. Re1 Bf5 10. Ng5 Re8 11. Bxe4 dxe4 12. Nc3 Nd7 13. c5 Bc7 14. Qb3 Qe7 15. Ngxe4 Qh4 16. g3 Qh5 17. Bd2 Rab8 18. Nd5 0-1

[Event "RM-2020-0-00224"]
[Site "LSS email"]
[Date "2020.10.21"]
[Round "?"]
[White "Moessle, Harald"]
[Black "Tyutyunnik, Roman"]
[Result "1-0"]
[WhiteElo "2325"]
[BlackElo "2253"]
[PlyCount "64"]
[EventDate "2020.10.10"]
[EventType "tourn (corr)"]
[EventRounds "6"]
[EventCountry "GER"]
[SourceTitle "Corr 2022"]
[Source "ChessBase"]
[SourceDate "2021.10.24"]
[SourceVersion "1"]
[SourceVersionDate "2021.10.24"]
[SourceQuality "1"]

1. d4 Nf6 2. Bg5 e6 3. e3 d5 4. c4 Be7 5. Nc3 h6 6. Bh4 0-0 7. Nf3 b6 8. Be2 Bb7 9. Bxf6 Bxf6 10. cxd5 exd5 11. 0-0 Nd7 12. Qb3 c6 13. Rad1 Re8 14. Rfe1 Nf8 15. e4 g6 16. g3 Ne6 17. e5 Bg7 18. Bf1 Qe7 19. h4 h5 20. Qc2 Bh6 21. Nh2 Ng7 22. f4 Nf5 23. Qf2 Rad8 24. Bd3 Qe6 25. Ne2 c5 26. g4 hxg4 27. Nxg4 Bg7 28. Nh2 Bf8 29. Nf3 Be7 30. Kg2 Bc8 31. Rh1 Ng7 32. Rdg1 Qc6 1-0

[Event "ST-2020-0-00143"]
[Site "LSS email"]
[Date "2020.04.05"]
[Round "?"]
[White "Moessle, Harald"]
[Black "Bernal Varela, Nelson"]
[Result "1/2-1/2"]
[WhiteElo "2345"]
[BlackElo "2393"]
[PlyCount "77"]
[EventDate "2020.03.15"]
[EventType "tourn (corr)"]
[EventRounds "6"]
[EventCountry "GER"]
[SourceTitle "Corr 2022"]
[Source "ChessBase"]
[SourceDate "2021.10.24"]
[SourceVersion "1"]
[SourceVersionDate "2021.10.24"]
[SourceQuality "1"]

1. e4 e6 2. d4 d5 3. Nc3 Nf6 4. exd5 exd5 5. Nf3 Bd6 6. Bd3 0-0 7. 0-0 Bg4 8. Nb5 Nc6 9. c3 Be7 10. a4 Bh5 11. Bf4 a6 12. Na3 Ne4 13. h3 f5 14. Be2 g5 15. Bh2 Bg6 16. Ne5 Nxe5 17. Bxe5 Bd6 18. Bxd6 Qxd6 19. Nc2 Rae8 20. Ne1 Re7 21. Nd3 Rg7 22. Re1 g4 23. Qc1 gxh3 24. Qf4 hxg2 25. Qxd6 Nxd6 26. Nf4 Bf7 27. f3 Kh8 28. Kf2 Rfg8 29. Rg1 h5 30. a5 Kh7 31. Rxg2 Rxg2+ 32. Nxg2 Kg7 33. Nf4 Kf6 34. Rh1 Rh8 35. Kg3 Kg5 36. Nh3+ Kf6 37. Nf4 Nc4 38. b4 Kg5 39. Nh3+ 1/2-1/2

[Event "ST-2020-0-00143"]
[Site "LSS email"]
[Date "2020.04.01"]
[Round "?"]
[White "Moessle, Harald"]
[Black "Willmann, Bernd"]
[Result "1/2-1/2"]
[WhiteElo "2345"]
[BlackElo "2354"]
[PlyCount "106"]
[EventDate "2020.03.15"]
[EventType "tourn (corr)"]
[EventRounds "6"]
[EventCountry "GER"]
[SourceTitle "Corr 2022"]
[Source "ChessBase"]
[SourceDate "2021.10.24"]
[SourceVersion "1"]
[SourceVersionDate "2021.10.24"]
[SourceQuality "1"]

1. e4 c5 2. Nf3 d6 3. d4 cxd4 4. Nxd4 Nf6 5. Nc3 a6 6. Bg5 e6 7. Qf3 Be7 8. Be2 Qc7 9. a4 Bd7 10. Rd1 Nc6 11. 0-0 Rc8 12. Nb3 Nb4 13. Qg3 Nxc2 14. a5 Nb4 15. Nd2 Qxa5 16. Bxf6 gxf6 17. Nc4 Rxc4 18. Bxc4 Qg5 19. Be2 h5 20. Qh3 Qf4 21. Qg3 Qxg3 22. hxg3 b5 23. Rd2 h4 24. g4 Kd8 25. f4 Kc7 26. Rf3 Kb6 27. Rh3 a5 28. g3 Na6 29. Bf3 Nc5 30. Rxh4 Rf8 31. Kg2 b4 32. Nd1 Nb3 33. Rf2 f5 34. g5 fxe4 35. Bxe4 d5 36. Bc2 Nd4 37. Rh7 Bb5 38. Bg6 Be8 39. Rd2 Nb3 40. Re2 Bc5 41. Bb1 Nd4 42. Rd2 Nb3 43. Re2 Nd4 44. Rd2 a4 45. Nf2 Nb3 46. Re2 Bb5 47. Bd3 Bc6 48. Bb1 Bb5 49. Bd3 Bc6 50. Bb1 Nd4 51. Re1 Bd6 52. Ng4 b3 53. Ne5 Bxe5 1/2-1/2

[Event "RM-2020-0-00203"]
[Site "LSS email"]
[Date "2020.03.22"]
[Round "?"]
[White "Moessle, Harald"]
[Black "Oliveira, Diogo"]
[Result "1/2-1/2"]
[WhiteElo "2346"]
[BlackElo "2237"]
[PlyCount "60"]
[EventDate "2020.02.18"]
[EventType "tourn (corr)"]
[EventRounds "6"]
[EventCountry "GER"]
[SourceTitle "Corr 2022"]
[Source "ChessBase"]
[SourceDate "2021.10.24"]
[SourceVersion "1"]
[SourceVersionDate "2021.10.24"]
[SourceQuality "1"]

1. e4 e5 2. Nf3 Nc6 3. Bb5 Nf6 4. 0-0 Nxe4 5. d4 Nd6 6. Bxc6 dxc6 7. dxe5 Nf5 8. Qxd8+ Kxd8 9. Rd1+ Ke8 10. Nc3 a5 11. a4 Be6 12. h3 h6 13. g4 Ne7 14. Nd4 Rd8 15. f4 Bc8 16. Kg2 Nd5 17. Nxd5 Rxd5 18. c4 Rd7 19. Be3 g6 20. f5 gxf5 21. Nxf5 h5 22. Bg5 Rg8 23. h4 hxg4 24. Rxd7 Bxd7 25. Rf1 b5 26. Ng3 Be7 27. Ne4 Bxg5 28. Nxg5 bxc4 29. Kg3 c5 30. Ne4 Ke7 1/2-1/2

[Event "RM-2020-0-00203"]
[Site "LSS email"]
[Date "2020.03.21"]
[Round "?"]
[White "Moessle, Harald"]
[Black "Koch, Christian"]
[Result "0-1"]
[WhiteElo "2346"]
[BlackElo "2312"]
[PlyCount "128"]
[EventDate "2020.02.18"]
[EventType "tourn (corr)"]
[EventRounds "6"]
[EventCountry "GER"]
[SourceTitle "Corr 2022"]
[Source "ChessBase"]
[SourceDate "2021.10.24"]
[SourceVersion "1"]
[SourceVersionDate "2021.10.24"]
[SourceQuality "1"]

1. e4 c5 2. Nf3 d6 3. d4 cxd4 4. Nxd4 Nf6 5. Nc3 a6 6. Bg5 Nbd7 7. f4 Qc7 8. Qf3 b5 9. a3 e6 10. 0-0-0 Be7 11. f5 Ne5 12. Qg3 0-0 13. Be2 Kh8 14. Qh3 Rb8 15. Rhg1 b4 16. axb4 Re8 17. g4 Rxb4 18. Rg3 Kg8 19. Bxf6 Bxf6 20. g5 Bd8 21. f6 Ng6 22. Na2 Rxd4 23. Rxd4 e5 24. Rc4 Bxh3 25. Rxc7 Bxc7 26. Rxh3 Nf4 27. Re3 Bb6 28. Rb3 Bg1 29. Kd1 Bxh2 30. Bg4 a5 31. Ra3 Bg1 32. Rxa5 gxf6 33. gxf6 h5 34. Bf5 h4 35. Ra3 d5 36. Nc1 dxe4 37. Bxe4 Nh5 38. c4 Nxf6 39. Bf5 Bc5 40. Rh3 Bf2 41. Rf3 Bg3 42. Kc2 e4 43. Rf1 Kg7 44. Ne2 Bd6 45. Rd1 Bc5 46. Rb1 Kh6 47. b4 Kg5 48. Bh3 Be3 49. Nc3 Rd8 50. Re1 Rd2+ 51. Kb3 Bf2 52. Re2 Rxe2 53. Nxe2 Ng4 54. Nc3 f5 55. c5 Ne5 56. Ne2 f4 57. Nc3 e3 58. b5 f3 59. c6 e2 60. c7 e1Q 61. c8Q Kf4 62. b6 Kg3 63. b7 Ba7 64. Qe6 Bb8 0-1

[Event "RM-2020-0-00199"]
[Site "LSS email"]
[Date "2020.02.11"]
[Round "?"]
[White "Willmann, Bernd"]
[Black "Moessle, Harald"]
[Result "1-0"]
[WhiteElo "2344"]
[BlackElo "2345"]
[PlyCount "113"]
[EventDate "2020.01.25"]
[EventType "tourn (corr)"]
[EventRounds "6"]
[EventCountry "GER"]
[SourceTitle "Corr 2022"]
[Source "ChessBase"]
[SourceDate "2021.10.24"]
[SourceVersion "1"]
[SourceVersionDate "2021.10.24"]
[SourceQuality "1"]

1. e4 e5 2. Nf3 Nc6 3. Bb5 Nf6 4. d3 d6 5. c3 h6 6. 0-0 Bd7 7. a4 g5 8. a5 a6 9. Ba4 Qe7 10. Re1 g4 11. Nfd2 h5 12. Nf1 Bh6 13. Bxh6 Rxh6 14. d4 Qd8 15. d5 Ne7 16. Nbd2 h4 17. Ne3 Kf8 18. c4 Bc8 19. Qc2 c6 20. c5 cxd5 21. exd5 Nexd5 22. Nxd5 Nxd5 23. Nc4 g3 24. cxd6 Be6 25. d7 Qg5 26. fxg3 hxg3 27. h3 Qf4 28. Rad1 Rh4 29. b3 Rd8 30. Nxe5 Qf2+ 31. Qxf2 gxf2+ 32. Kxf2 Nc3 33. Ra1 Rd4 34. Kg1 Rd2 35. Re3 Nxa4 36. Rxa4 Bxd7 37. Rb4 Bc8 38. Rf3 Be6 39. Ng6+ Kg7 40. Nf4 Bc8 41. Rc4 Kf8 42. Rc7 R2d7 43. Rfc3 Rxc7 44. Rxc7 Bd7 45. Rxb7 Bb5 46. Rb6 Rd4 47. Nh5 Rb4 48. Ng3 Rxb3 49. Nf5 Kg8 50. Nd6 Rb1+ 51. Kh2 Rb3 52. g4 Ba4 53. Rxa6 Ra3 54. Ra7 Bb3 55. Nb5 Ra4 56. Kg3 Kg7 57. Kh4 1-0

[Event "SM-2019-0-00412"]
[Site "LSS email"]
[Date "2019.11.06"]
[Round "?"]
[White "Moessle, Harald"]
[Black "Susla, Vitaliy"]
[Result "1/2-1/2"]
[WhiteElo "2329"]
[BlackElo "2297"]
[PlyCount "110"]
[EventDate "2019.06.11"]
[EventType "tourn (corr)"]
[EventRounds "6"]
[EventCountry "GER"]
[SourceTitle "Corr 2022"]
[Source "ChessBase"]
[SourceDate "2021.10.24"]
[SourceVersion "1"]
[SourceVersionDate "2021.10.24"]
[SourceQuality "1"]

1. d4 d5 2. Bg5 Nf6 3. e3 c5 4. Nc3 Nc6 5. Bxf6 gxf6 6. dxc5 e6 7. Nge2 Bxc5 8. g3 f5 9. Bg2 0-0 10. Nf4 Qf6 11. 0-0 Be7 12. Qc1 Bd7 13. a4 Rac8 14. Rd1 Rfe8 15. Nce2 Red8 16. c3 Na5 17. Qc2 Qg7 18. Nd4 Bf8 19. Nde2 Nc4 20. Qb3 Qh6 21. Nd3 Rb8 22. h4 Rdc8 23. Qc2 a6 24. Rdc1 Rc7 25. Nef4 Nd6 26. Rd1 Ne4 27. Qb3 Bd6 28. Rdc1 Rc4 29. Qd1 Kh8 30. Bxe4 Rxe4 31. Kf1 Bc6 32. Nb4 Bd7 33. Nbd3 Rg8 34. Qh5 Qxh5 35. Nxh5 Rxa4 36. Rxa4 Bxa4 37. Ke1 a5 38. Ra1 Bb5 39. Ndf4 Ra8 40. Ne2 Be7 41. Nd4 Bd7 42. Nf3 f6 43. Nf4 Kg7 44. Nd2 Kf7 45. Nf3 Be8 46. Nd2 Bc6 47. Nb1 b6 48. Na3 e5 49. Nd3 Ke6 50. Nc1 Rg8 51. Ne2 Bb7 52. Nc1 Bd6 53. Kd2 Rc8 54. Nd3 Bc6 55. Nc2 Rg8 1/2-1/2

[Event "ZH-2019-0-01810"]
[Site "LSS email"]
[Date "2019.11.05"]
[Round "?"]
[White "Moessle, Harald"]
[Black "Mostowik, Daniel"]
[Result "1-0"]
[WhiteElo "2329"]
[BlackElo "2219"]
[PlyCount "77"]
[EventDate "2019.10.15"]
[EventType "match (corr)"]
[EventRounds "2"]
[EventCountry "GER"]
[SourceTitle "Corr 2022"]
[Source "ChessBase"]
[SourceDate "2021.10.24"]
[SourceVersion "1"]
[SourceVersionDate "2021.10.24"]
[SourceQuality "1"]

1. d4 f5 2. Nf3 Nf6 3. g3 g6 4. Bg2 Bg7 5. b4 0-0 6. 0-0 c6 7. c4 d5 8. cxd5 Nxd5 9. a4 Nd7 10. Qb3 Kh8 11. Nc3 N7f6 12. Nxd5 Be6 13. Bf4 Bxd5 14. Qb2 Nd7 15. Rfd1 a6 16. h4 e6 17. Ne5 Kg8 18. Nd3 Nb6 19. Be5 Qe7 20. a5 Nc4 21. Qc3 Rad8 22. Nc5 Rf7 23. Rac1 Nxe5 24. dxe5 f4 25. e4 fxe3 26. Qxe3 Bf8 27. Bxd5 exd5 28. Rd4 Re8 29. Re1 Bg7 30. f4 Qc7 31. Kg2 Bf8 32. Nd3 b6 33. axb6 Qxb6 34. Rc1 Ra7 35. h5 a5 36. hxg6 axb4 37. f5 Bh6 38. Qxh6 Qxd4 39. Nf2 1-0

[Event "GER-ch45 V07 email"]
[Site "GER email"]
[Date "2013.03.27"]
[Round "?"]
[White "Bach, Werner"]
[Black "Moessle, Harald"]
[Result "1/2-1/2"]
[WhiteElo "2161"]
[BlackElo "2190"]
[PlyCount "46"]
[EventDate "2013.04.08"]
[EventType "tourn (corr)"]
[EventRounds "12"]
[EventCountry "GER"]
[SourceTitle "Corr 2015"]
[Source "ChessBase"]
[SourceDate "2015.07.17"]
[SourceVersion "1"]
[SourceVersionDate "2015.07.17"]
[SourceQuality "1"]

1. e4 e5 2. Nf3 Nc6 3. Bb5 a6 4. Ba4 Nf6 5. 0-0 Be7 6. Re1 b5 7. Bb3 d6 8. c3 0-0 9. h3 Na5 10. Bc2 c5 11. d4 exd4 12. cxd4 Bb7 13. Nc3 cxd4 14. Nxd4 g6 15. b3 Re8 16. Bb2 Bf8 17. Qd2 Bg7 18. Rad1 Rc8 19. Bb1 Nc6 20. Nxc6 Bxc6 21. Qxd6 Qxd6 22. Rxd6 Nh5 23. Nd1 Bf8 1/2-1/2

[Event "GER-ch45 V07 email"]
[Site "GER email"]
[Date "2013.03.27"]
[Round "?"]
[White "Boehnke, Hartmut"]
[Black "Moessle, Harald"]
[Result "1/2-1/2"]
[WhiteElo "2015"]
[BlackElo "2190"]
[PlyCount "35"]
[EventDate "2013.04.08"]
[EventType "tourn (corr)"]
[EventRounds "12"]
[EventCountry "GER"]
[SourceTitle "Corr 2015"]
[Source "ChessBase"]
[SourceDate "2015.07.17"]
[SourceVersion "1"]
[SourceVersionDate "2015.07.17"]
[SourceQuality "1"]

1. e4 e5 2. Nf3 Nc6 3. Bb5 a6 4. Bxc6 dxc6 5. 0-0 f6 6. d4 Bg4 7. dxe5 Qxd1 8. Rxd1 fxe5 9. Rd3 Bd6 10. Nbd2 Nf6 11. Nc4 0-0 12. Nfxe5 Be2 13. Re3 Bxc4 14. Nxc4 Bc5 15. Re1 Ng4 16. Be3 Bxe3 17. fxe3 Rae8 18. h3 1/2-1/2

[Event "GER-ch45 V07 email"]
[Site "GER email"]
[Date "2013.03.27"]
[Round "?"]
[White "Moessle, Harald"]
[Black "Jacobs, Rudolf"]
[Result "1/2-1/2"]
[WhiteElo "2190"]
[BlackElo "2203"]
[PlyCount "87"]
[EventDate "2013.04.08"]
[EventType "tourn (corr)"]
[EventRounds "12"]
[EventCountry "GER"]
[SourceTitle "Corr 2015"]
[Source "ChessBase"]
[SourceDate "2015.07.17"]
[SourceVersion "1"]
[SourceVersionDate "2015.07.17"]
[SourceQuality "1"]

1. e4 c5 2. Nc3 d6 3. Nf3 Nf6 4. d4 cxd4 5. Nxd4 a6 6. Be2 e5 7. Nb3 Be7 8. Be3 Be6 9. 0-0 0-0 10. Qd3 Nc6 11. a3 d5 12. exd5 Nxd5 13. Nxd5 Qxd5 14. Rad1 Qxd3 15. Bxd3 f5 16. Nc5 Bxc5 17. Bxc5 Rf7 18. Be2 Rd8 19. Rxd8+ Nxd8 20. Rd1 Rd7 21. Rxd7 Bxd7 22. Be7 Ne6 23. Bd6 e4 24. f3 Nd4 25. Bc4+ Be6 26. Bxe6+ Nxe6 27. fxe4 fxe4 28. Kf2 Nd4 29. Bb4 Nxc2 30. Bc3 Kf7 31. Ke2 g6 32. Kd2 Na1 33. b4 e3+ 34. Kd3 Nb3 35. Kxe3 Ke6 36. Ke4 b6 37. Kf4 Nc1 38. Ke4 Nb3 39. Kf4 Nc1 40. Ke3 Kd5 41. Bb2 Nb3 42. Kf4 Ke6 43. Kg5 Kf7 44. Kh6 1/2-1/2

[Event "GER-ch45 V07 email"]
[Site "GER email"]
[Date "2013.03.27"]
[Round "?"]
[White "Moessle, Harald"]
[Black "Mehlhorn, Uwe"]
[Result "1/2-1/2"]
[WhiteElo "2190"]
[BlackElo "2098"]
[PlyCount "53"]
[EventDate "2013.04.08"]
[EventType "tourn (corr)"]
[EventRounds "12"]
[EventCountry "GER"]
[SourceTitle "Corr 2015"]
[Source "ChessBase"]
[SourceDate "2015.07.17"]
[SourceVersion "1"]
[SourceVersionDate "2015.07.17"]
[SourceQuality "1"]

1. d4 d6 2. e4 Nf6 3. Nc3 g6 4. Be2 Bg7 5. Nf3 0-0 6. 0-0 e6 7. Bg5 h6 8. Be3 Kh7 9. Re1 Nc6 10. h3 b6 11. Qd3 e5 12. d5 Ne7 13. a4 a6 14. Rad1 Nh5 15. Nh2 Nf4 16. Bxf4 exf4 17. Bg4 Bxg4 18. Nxg4 Ng8 19. b3 Nf6 20. Nxf6+ Qxf6 21. Ne2 Qg5 22. c3 f5 23. exf5 Qxf5 24. Nd4 Qxd3 25. Rxd3 Bxd4 26. Rxd4 Rf7 27. f3 1/2-1/2

[Event "SM-2012-0-00233"]
[Site "LSS email"]
[Date "2012.12.26"]
[Round "?"]
[White "Simmelink, Joop Theo"]
[Black "Moessle, Harald"]
[Result "1/2-1/2"]
[WhiteElo "2259"]
[BlackElo "2266"]
[PlyCount "65"]
[EventDate "2012.12.03"]
[EventType "tourn (corr)"]
[EventRounds "6"]
[EventCountry "GER"]
[SourceTitle "Telechess CBM 163"]
[Source "ChessBase"]
[SourceDate "2014.11.11"]
[SourceVersion "2"]
[SourceVersionDate "2014.11.11"]
[SourceQuality "1"]

1. e4 e5 2. Nf3 Nc6 3. Bb5 a6 4. Ba4 Nf6 5. 0-0 Be7 6. Re1 b5 7. Bb3 d6 8. c3 0-0 9. h3 Na5 10. Bc2 c5 11. d4 Qc7 12. Nbd2 cxd4 13. cxd4 Nc6 14. Nb3 a5 15. Be3 a4 16. Nbd2 Bd7 17. Rc1 Qb7 18. Qe2 Rfe8 19. Bd3 Rab8 20. dxe5 Nxe5 21. Nxe5 dxe5 22. Bc5 Bc6 23. Nf3 Bxc5 24. Rxc5 Nd7 25. Rc3 Nf8 26. Rec1 Bd7 27. b3 Qb6 28. bxa4 bxa4 29. Bc4 h6 30. Qc2 Nh7 31. a3 Nf6 32. Ba2 Qb2 33. Nd2 1/2-1/2

[Event "SM-2012-0-00231"]
[Site "LSS email"]
[Date "2012.12.13"]
[Round "?"]
[White "Konstantinov, Maxim"]
[Black "Moessle, Harald"]
[Result "0-1"]
[WhiteElo "2207"]
[BlackElo "2266"]
[PlyCount "98"]
[EventDate "2012.11.13"]
[EventType "tourn (corr)"]
[EventRounds "6"]
[EventCountry "GER"]
[SourceTitle "Telechess CBM 159"]
[Source "ChessBase"]
[SourceDate "2014.03.17"]
[SourceVersion "1"]
[SourceVersionDate "2014.03.17"]
[SourceQuality "1"]

1. d4 d5 2. c4 c6 3. Nf3 Nf6 4. Nc3 e6 5. Bg5 h6 6. Bh4 dxc4 7. e4 g5 8. Bg3 b5 9. Be2 Bb7 10. e5 Nd5 11. Nd2 Qb6 12. Nde4 Nd7 13. 0-0 c5 14. dxc5 Bxc5 15. Bf3 Nxc3 16. bxc3 0-0-0 17. Qe2 Bxe4 18. Qxe4 Be7 19. Rad1 h5 20. h4 g4 21. Be2 Nc5 22. Qc2 a6 23. Rd4 Qc6 24. f3 Na4 25. Rxd8+ Bxd8 26. Kh2 Qc5 27. Qd2 Bc7 28. fxg4 Rd8 29. Qe1 Bxe5 30. Rxf7 Qe3 31. Bxe5 Qxe5+ 32. Qg3 Qxg3+ 33. Kxg3 Nxc3 34. Bf3 hxg4 35. Kxg4 Nd1 36. Kg3 Ne3 37. Be4 Rd4 38. Bb1 Rd1 39. Bg6 Nf5+ 40. Bxf5 exf5 41. Rxf5 Kd7 42. Rc5 Rh1 43. Kg4 Kd6 44. Rc8 Kd5 45. h5 a5 46. Rd8+ Ke4 47. Re8+ Kd4 48. Rd8+ Kc3 49. Rd5 Kb4 0-1

[Event "SM-2012-0-00231"]
[Site "LSS email"]
[Date "2012.12.13"]
[Round "?"]
[White "Markus, Roland"]
[Black "Moessle, Harald"]
[Result "1/2-1/2"]
[WhiteElo "2237"]
[BlackElo "2266"]
[PlyCount "45"]
[EventDate "2012.11.13"]
[EventType "tourn (corr)"]
[EventRounds "6"]
[EventCountry "GER"]
[SourceTitle "Telechess CBM 159"]
[Source "ChessBase"]
[SourceDate "2014.03.17"]
[SourceVersion "1"]
[SourceVersionDate "2014.03.17"]
[SourceQuality "1"]

1. e4 e5 2. Nf3 Nc6 3. Bb5 Nf6 4. 0-0 Nxe4 5. d4 Nd6 6. Bxc6 dxc6 7. dxe5 Nf5 8. Qxd8+ Kxd8 9. Nc3 Ke8 10. Ne2 Be6 11. b3 Be7 12. Bb2 g5 13. Rad1 Rd8 14. c4 c5 15. Rfe1 Rg8 16. Rxd8+ Kxd8 17. g4 Nd4 18. Rd1 Bxg4 19. Nexd4 Ke8 20. Nb5 Bxf3 21. Nxc7+ Kf8 22. Rd7 Bg4 23. Rd2 1/2-1/2